{"text_format":"3","workbook":"xlsx","n_sheets":2,"sheets":["list","data"],"read":"whole","date_system":"1900"}

{"sheet":"list","index":0,"n_rows":65,"n_cols":14,"rows_kept":65}
["№","Фамлия","Имя","Отчество","Пол","Класс","Класс участия","Балл","Макс. Балл","Статус","Призер МЭ прошлого года","Учитель","Место работы учителя","Направление, вид практики  по технологии"]
[1,3,4,5,6,9,10,11,12,13,14,15,16,17]
[1,"Аглетдинова","Энже","Фаузатовна","ж",5,5,8,30,"участник",null,"Ахметзянова Таскира Фатыховна","СОШ №15"]
[2,"Канзафарова Ильдана ",null,"Ранисовна","ж",5,5,7,30,"участник",null,"Ахметзянова Таскира Фатыховна","СОШ №15"]
[3,"Харисова","Рамиля ","Раилевна","ж",5,5,6.5,30,"участник",null,"Ахметзянова Таскира Фатыховна","СОШ №15"]
[4,"Ахтямова","Альмира","Азатовна","ж",5,5,6.5,30,"участник",null,"Ахметзянова Таскира Фатыховна","СОШ №15"]
[5,"Бикбулатов ","Карим","Ильнурович","м",5,5,6,30,"участник",null,"Ахметзянова Таскира Фатыховна","СОШ №15"]
[6,"Гатауллин","Самир","Маратович","м",5,5,6,30,"участник",null,"Ахметзянова Таскира Фатыховна","СОШ №15"]
[7,"Хикматуллина ","Ляйсан","Айдаровна","ж",6,6,12,36,"участник",null,"Халикова Нурсина Далифовна","СОШ №15"]
[8,"Хажиева","Элиза ","Ильмировна","ж",6,6,11,36,"участник",null,"Халикова Нурсина Далифовна","СОШ №15"]
[9,"Давлетшин","Камиль","Рифатович","м",6,6,11,36,"участник",null,"Халикова Нурсина Далифовна","СОШ №15"]
[10,"Садриева","Алина","Фанисовна","ж",6,6,11,36,"участник",null,"Халикова Нурсина Далифовна","СОШ №15"]
[11,"Хафизова","Алиса","Артуровна","ж",6,6,9.5,36,"участник",null,"Халикова Нурсина Далифовна","СОШ №15"]
[12,"Валиахметова","Руфина","Ленаровна","ж",6,6,9,36,"участник",null,"Халикова Нурсина Далифовна","СОШ №15"]
[13,"Бикбаев","Булат","Ильназович","м",6,6,8,36,"участник",null,"Халикова Нурсина Далифовна","СОШ №15"]
[14,"Мухаметгалиев ","Самат","Дамирович","м",6,6,8,36,"участник",null,"Халикова Нурсина Далифовна","СОШ №15"]
[15,"Ханова","Алия","Фанисовна","ж",6,6,7.5,36,"участник",null,"Халикова Нурсина Далифовна","СОШ №15"]
[16,"Суфиярова","Азалина","Дамировна","ж",6,6,7.5,36,"участник",null,"Халикова Нурсина Далифовна","СОШ №15"]
[17,"Ахметвалеев","Рузаль","Рафикович","м",6,6,7,36,"участник",null,"Халикова Нурсина Далифовна","СОШ №15"]
[18,"Валиев","Камиль","Ильфатович","м",6,6,7,36,"участник",null,"Халикова Нурсина Далифовна","СОШ №15"]
[19,"Камалеева","Аделя","Ильназовна","ж",6,6,7,36,"участник",null,"Халикова Нурсина Далифовна","СОШ №15"]
[20,"Басырова","Ралина","Рамилевна","ж",6,6,7,36,"участник",null,"Халикова Нурсина Далифовна","СОШ №15"]
[21,"Иванов","Арсений","Артемович","м",6,6,5,36,"участник",null,"Халикова Нурсина Далифовна","СОШ №15"]
[22,"Гареев","Максим","Ревальдович","м",6,6,5,36,"участник",null,"Халикова Нурсина Далифовна","СОШ №15"]
[23,"Ахсанова","Диляра","Маратовна","ж",6,6,5,36,"участник",null,"Халикова Нурсина Далифовна","СОШ №15"]
[24,"Галиева","Алия","Рустамовна","ж",7,7,14,36,"участник",null,"Фатхуллина Гузял Фагимовна","СОШ №15"]
[25,"Гарипова","Сабина","Рустемовна","ж",7,7,13.5,36,"участник",null,"Фатхуллина Гузял Фагимовна","СОШ №15"]
[26,"Гирфанова","Азалия","Раилевна","ж",7,7,12,36,"участник",null,"Халиуллина Альфия Ахметовна","СОШ №15"]
[27,"Шайхутдинова","Диляра","Ильназовна","ж",7,7,12,36,"участник",null,"Фатхуллина Гузял Фагимовна","СОШ №15"]
[28,"Нуриева","Рената","Газинуровна","ж",7,7,12,36,"участник",null,"Фатхуллина Гузял Фагимовна","СОШ №15"]
[29,"Фатыхова","Диляра","Ильшатовна","ж",7,7,10,36,"участник",null,"Фатхуллина Гузял Фагимовна","СОШ №15"]
[30,"Курмакаева","Алина","Николаевна","ж",7,7,9,36,"участник",null,"Фатхуллина Гузял Фагимовна","СОШ №15"]
[31,"Мулюков","Анвар","Айдарович","м",7,7,7.5,36,"участник",null,"Фатхуллина Гузял Фагимовна","СОШ №15"]
[32,"Вазиев","Рубин","Ранисович","м",7,7,7,36,"участник",null,"Халиуллина Альфия Ахметовна","СОШ №15"]
[33,"Яруллин","Амир","Султанович","м",7,7,5,36,"участник",null,"Халиуллина Альфия Ахметовна","СОШ №15"]
[34,"Хабибуллина ","Амина","Ришатовна","ж",8,8,15.5,36,"участник",null,"Халикова Нурсина Далифовна","СОШ №15"]
[35,"Салахиева","Аделя","Айдаровна","ж",8,8,15.5,36,"участник",null,"Халикова Нурсина Далифовна","СОШ №15"]
[36,"Ягуфарова","Индира","Ильясовна","ж",8,8,13,36,"участник",null,"Халикова Нурсина Далифовна","СОШ №15"]
[37,"Шафикова","Лилия","Ильшатовна","ж",8,8,11.5,36,"участник",null,"Халикова Нурсина Далифовна","СОШ №15"]
[38,"Бикмуллин","Ислам","Марселевич","м",8,8,11.5,36,"участник",null,"Халикова Нурсина Далифовна","СОШ №15"]
[39,"Хафизуллин ","Тимур","Робертович","м",8,8,11,36,"участник",null,"Халикова Нурсина Далифовна","СОШ №15"]
[40,"Шарапова","Самира","Марселевна","ж",8,8,11,36,"участник",null,"Халикова Нурсина Далифовна","СОШ №15"]
[41,"Шарапова","Амина","Марселевна","ж",8,8,11,36,"участник",null,"Халикова Нурсина Далифовна","СОШ №15"]
[42,"Калмышева ","Диана ","Денисовна","ж",8,8,10,36,"участник",null,"Ахметзянова Таскира Фатыховна","СОШ №15"]
[43,"Хайдарова","Диляра","Денисовна","ж",8,8,8,36,"участник",null,"Халикова Нурсина Далифовна","СОШ №15"]
[44,"Гараев","Ильяс ","Ильмасович","м",8,8,6,36,"участник",null,"Ахметзянова Таскира Фатыховна","СОШ №15"]
[45,"Ибрагимова","Аделия","Динисламовна","ж",8,8,6,36,"участник",null,"Халикова Нурсина Далифовна","СОШ №15"]
[46,"Шаймуратова","Зарина","Ильдусовна","ж",9,9,14,40,"участник",null,"Фатхуллина Гузял Фагимовна","СОШ №15"]
[47,"Галиева","Самира","Альбертовна","ж",9,9,14,40,"участник",null,"Фатхуллина Гузял Фагимовна","СОШ №15"]
[48,"Кашапова","Алия","Рустамовна","ж",9,9,13.5,40,"участник",null,"Фатхуллина Гузял Фагимовна","СОШ №15"]
[49,"Гафуров","Камиль","Наилевич","м",9,9,12,40,"участник",null,"Фатхуллина Гузял Фагимовна","СОШ №15"]
[50,"Гаврилов","Денис","Эдуардович","м",9,9,10,40,"участник",null,"Халикова Нурсина Далифовна","СОШ №15"]
[51,"Мирсаяпова","Алиса","Айратовна","ж",9,9,6,40,"участник",null,"Халикова Нурсина Далифовна","СОШ №15"]
[52,"Хаматдинов","Ильмир","Ильсурович","м",9,9,6,40,"участник",null,"Халикова Нурсина Далифовна","СОШ №15"]
[53,"Иванов","Максим","Эдуардович","м",9,9,6,40,"участник",null,"Халикова Нурсина Далифовна","СОШ №15"]
[54,"Исмагилов","Карим","Рифович","м",9,9,5.5,40,"участник",null,"Фатхуллина Гузял Фагимовна","СОШ №15"]
[55,"Максудов","Мансур","Искандарович","м",9,9,5,40,"участник",null,"Фатхуллина Гузял Фагимовна","СОШ №15"]
[56,"Талтаев","Рустем","Айдарович","м",9,9,5,40,"участник",null,"Фатхуллина Гузял Фагимовна","СОШ №15"]
[57,"Даутова","Назиля","Ильдусовна","ж",10,10,13,40,"участник",null,"Фатхуллина Гузял Фагимовна","СОШ №15"]
[58,"Гараева","Дина","Рафаэловна","ж",10,10,12,40,"участник",null,"Фатхуллина Гузял Фагимовна","СОШ №15"]
[59,"Мутыгуллин","Дамир","Ильдарович","м",10,10,12,40,"участник",null,"Фатхуллина Гузял Фагимовна","СОШ №15"]
[60,"Фархутдинов","Салават","Нургалиевич","м",10,10,10,40,"участник",null,"Фатхуллина Гузял Фагимовна","СОШ №15"]
[61,"Сабирова","Аделя","Ильнуровна","ж",10,10,9.5,40,"участник",null,"Фатхуллина Гузял Фагимовна","СОШ №15"]
[62,"Валиуллин","Эмиль","Рамилевич","м",10,10,9,40,"участник",null,"Фатхуллина Гузял Фагимовна","СОШ №15"]
[63,"Галялиева","Алина","Родионовна","ж",10,10,7,40,"участник",null,"Фатхуллина Гузял Фагимовна","СОШ №15"]

{"sheet":"data","index":1,"n_rows":25,"n_cols":3,"rows_kept":25,"hidden":true}
[]
["Техника, технология и техническое творчество .  Ручная обработка древесины"]
["Техника, технология и техническое творчество .  Ручная обработка металла"]
["Техника, технология и техническое творчество .  Механическая обработка древесины"]
["Техника, технология и техническое творчество .  Механическая обработка металла"]
["Техника, технология и техническое творчество .  Электротехника"]
["Техника, технология и техническое творчество .  Робототехника"]
["Техника, технология и техническое творчество .  3d - моделирование и печать"]
["Техника, технология и техническое творчество .  Обработка материалов на лазерно-гравировальной машине"]
["Техника, технология и техническое творчество .  Промышленный дизайн"]
["Культура дома, дизайн и технологии .  Обработка швейного изделия или узла + моделирование швейных изделий"]
["Культура дома, дизайн и технологии .  Обработка швейного изделия или узла + моделирование швейных изделий с использованием графических редакторов"]
["Культура дома, дизайн и технологии .  Обработка швейного изделия или узла на швейно-вышивальном оборудовании + моделирование швейных изделий"]
["Культура дома, дизайн и технологии .  Обработка швейного изделия или узла на швейно-вышивальном оборудовании + моделирование швейных изделий с использованием графических редакторов"]
["Культура дома, дизайн и технологии .  Робототехника"]
["Культура дома, дизайн и технологии .  3d - моделирование и печать"]
["Культура дома, дизайн и технологии .  Обработка материалов на лазерно-гравировальной машине"]
["Культура дома, дизайн и технологии .  Промышленный дизайн"]
["Роботехника .  "]
["Информационная безопасность ."]
[]
[]
["участник"]
["призер",null,"да"]
["победитель"]